Statistics for The Entire 'The Strokes' Discography (2024)

Click here to take the quiz!

General Stats

  • This quiz has been taken 28 times
  • The average score is 68 of 104

Answer Stats

% Correct
Hard To Explain / New York City Cops
100%
Hard To Explain
94%
Is This It
94%
Is This It (Home Recording)
94%
Is This It - Home Recording
94%
Is This It - Home Recording - Someday B-Side
94%
New York City Cops
94%
New York City Cops (Hard to Explain B-Side)
94%
Reptilia
94%
The Adults Are Talking
94%
You Only Live Once
94%
You Only Live Once / Mercy Mercy Me
94%
12:51
88%
Barely Legal
88%
Last Nite
88%
Last Nite - Rough Trade Version
88%
Machu Picchu
88%
Ode To The Mets
88%
Someday
88%
Angles
81%
Meet Me in the Bathroom
81%
Room On Fire
81%
The Modern Age
81%
The New Abnormal
81%
Why Are Sundays So Depressing
81%
At The Door
75%
Brooklyn Bridge To Chorus
75%
Comedown Machine
75%
Eternal Summer
75%
First Impressions Of Earth
75%
Juicebox
75%
Oblivius
75%
Oblivius - Moretti Remix
75%
Selfless
75%
Soma
75%
Soma - Live In Iceland
75%
Soma (Live In Iceland)
75%
Call It Fate, Call It Karma
69%
Chances
69%
Drag Queen
69%
Gratisfaction
69%
Heart In a Cage
69%
I Can't Win
69%
Threat of Joy
69%
Under Control
69%
Welcome To Japan
69%
80's Comedown Machine
63%
Alone, Together
63%
Alone, Together - Home Recording
63%
Alone, Together (Home Recording)
63%
Alone, Together - Home Recording - Someday B-Side
63%
Bad Decisions
63%
Future Present Past
63%
Hawaii - Juicebox B-Side
63%
Life Is Simple in the Moonlight
63%
Not The Same Anymore
63%
Razorblade
63%
Red Light
63%
Slow Animals
63%
Take It Or Leave It
63%
Take It Or Leave It - Live in LA; Village Sessions
63%
Taken for a Fool
63%
Taken for a Fool (feat. Elvis Costello)
63%
Trying Your Luck
63%
Trying Your Luck - Live in LA; Village Sessions
63%
Under Cover of Darkness
63%
What Ever Happened?
63%
Automatic Stop
56%
Electricityscape
56%
I'll Try Anything Once ('You Only Live Once" demo) - Heart In a Cage B-Side
56%
Ize of the World
56%
Modern Girls & Old Fashioned Men
56%
Partners In Crime
56%
The End Has No End
56%
The Modern Age - Rough Trade Version
56%
Two Kinds of Happiness
56%
Vision of Division
56%
You Talk Way Too Much
56%
15 Minutes
50%
50/50
50%
All The Time
50%
Fast Animals
50%
Games
50%
Metabolism
50%
Modern Girls & Old Fashioned Men - Reptilia B-Side
50%
Tap Out
50%
Ask Me Anything
44%
Between Love & Hate
44%
Call Me Back
44%
Evening Sun
44%
Mercy Mercy Me (The Ecology)
44%
Mercy Mercy Me (The Ecology) - You Only Live Once B-Side
44%
One Way Trigger
44%
On the Other Side
44%
When It Started (Last Nite B-Side)
44%
Happy Ending
38%
Killing Lies
38%
The Way It Is
38%
The Way It Is - Home Demo
38%
The Way It Is - Home Recording - 12:51 B-Side
38%
You're So Right
38%
Clampdown - The End Has No End B-Side / Live at Alexandra Palace, London, UK - Dec. 5, 2003
31%
Fear of Sleep
31%
The Singles - Volume 01
19%

Score Distribution

Percentile by Number Answered

Percent of People with Each Score

Your Score History

You have not taken this quiz